Le langage

Guardat en:
Dades bibliogràfiques
Autor principal: Martinet, André V. (autor)
Format: Llibre
Idioma:francès
Publicat: París Gallimard 1968
Col·lecció:Encyclopédie de La Pléiade
Matèries:
Etiquetes: Afegir etiqueta
Sense etiquetes, Sigues el primer a etiquetar aquest registre!

MARC

LEADER 00000nam a2200000 a 4500
001 UCQ6036
003 CL-VaPUC
008 981009e19680000FR |||||||||||||||||fre|d
082 0 4 |a 401  |b MAR  |2 21 
100 |a Martinet, André V.  |e autor  |9 611822 
245 1 3 |a Le langage 
300 |a 1525 p 
942 |c BK 
945 |d 19981009 00:00:00  |a cmena 
260 |a París  |b Gallimard  |c 1968 
650 0 |a Lingüística  |9 265068 
650 0 |a Filosofía del lenguaje  |9 257082 
650 7 |a TEORIA LINGUISTICA  |2 CL-VaPUC  |9 334835 
650 0 |a Comunicación   |9 257251 
650 0 |a Sociolingüística  |9 263716 
583 |a last modification  |c 19981009 00:00:00  |k Rodrigo Vera 
490 0 |a Encyclopédie de La Pléiade 
999 |c 276039  |d 276037 
952 |0 0  |1 0  |4 0  |6 401_000000000000000_MAR_1968  |7 0  |8 A  |9 313149  |a FDOPOS  |b FDOPOS  |d 2019-11-20  |i 1479113  |o 401 MAR 1968  |p 1479113  |r 2025-01-22  |w 2019-11-20  |y BK  |k MLA